<?xml version="1.0" encoding="UTF-8"?><?xml-stylesheet type="text/xsl" href="static/style.xsl"?><OAI-PMH xmlns="http://www.openarchives.org/OAI/2.0/" xmlns:xsi="http://www.w3.org/2001/XMLSchema-instance" xsi:schemaLocation="http://www.openarchives.org/OAI/2.0/ http://www.openarchives.org/OAI/2.0/OAI-PMH.xsd"><responseDate>2026-04-17T04:21:01Z</responseDate><request verb="GetRecord" identifier="oai:www.recercat.cat:2117/444117" metadataPrefix="marc">https://recercat.cat/oai/request</request><GetRecord><record><header><identifier>oai:recercat.cat:2117/444117</identifier><datestamp>2025-10-29T22:01:45Z</datestamp><setSpec>com_2072_1033</setSpec><setSpec>col_2072_452951</setSpec></header><metadata><record xmlns="http://www.loc.gov/MARC21/slim" xmlns:dcterms="http://purl.org/dc/terms/" xmlns:xsi="http://www.w3.org/2001/XMLSchema-instance" xmlns:doc="http://www.lyncode.com/xoai" xsi:schemaLocation="http://www.loc.gov/MARC21/slim http://www.loc.gov/standards/marcxml/schema/MARC21slim.xsd">
   <leader>00925njm 22002777a 4500</leader>
   <datafield ind2=" " ind1=" " tag="042">
      <subfield code="a">dc</subfield>
   </datafield>
   <datafield ind2=" " ind1=" " tag="720">
      <subfield code="a">Oliveras Broessel, Lou Rio</subfield>
      <subfield code="e">author</subfield>
   </datafield>
   <datafield ind2=" " ind1=" " tag="260">
      <subfield code="c">2025-06-10</subfield>
   </datafield>
   <datafield ind2=" " ind1=" " tag="520">
      <subfield code="a">This bachelor’s thesis analyzes how the implementation and adaptation of a bank’s information system is carried out to comply with the requirements established by the Bail- In resolution mechanism, under the framework of the Single Resolution Board (SRB). The main goal of the project is to ensure that the information system can identify eligible liabilities, correctly apply the loss and conversion hierarchy, and generate automated regulatory reports. The theoretical part of the project provides an overview of the European regulatory context behind the Minimum Bail-In Data Template (MBDT) and its role in resolution planning. It also includes an explanation of the regulatory framework of the SRB, and the technological tools and processes typically involved in implementing data reporting systems for financial institutions. The thesis not only describes the technical aspects of the project but focuses particularly on how the process is planned, structured, and executed from a project management perspective. For this purpose, it is important to cover phases such as initiation, planning, execution, monitoring, and closing. Risks, resources, timelines are also identified. The results show that a structured and methodological approach facilitates the efficient and secure adaptation of the information system, ensuring regulatory compliance without compromising the bank’s operational continuity. Simulations with resolution scenarios validate the effectiveness and traceability of the proposed solution. In conclusion, this thesis demonstrates the importance of good project management practices in addressing complex initiatives within the banking sector, offering a replicable approach for other institutions facing similar challenges.</subfield>
   </datafield>
   <datafield ind1="8" ind2=" " tag="024">
      <subfield code="a">http://hdl.handle.net/2117/444117</subfield>
   </datafield>
   <datafield tag="653" ind2=" " ind1=" ">
      <subfield code="a">Àrees temàtiques de la UPC::Economia i organització d'empreses::Gestió del coneixement::Sistemes d'informació</subfield>
   </datafield>
   <datafield tag="653" ind2=" " ind1=" ">
      <subfield code="a">Management information systems--Programari--Design and construction</subfield>
   </datafield>
   <datafield tag="653" ind2=" " ind1=" ">
      <subfield code="a">Enterprise application integration (Computer systems)</subfield>
   </datafield>
   <datafield tag="653" ind2=" " ind1=" ">
      <subfield code="a">Sistemes d'informació per a la gestió--Programari--Disseny i construcció</subfield>
   </datafield>
   <datafield tag="653" ind2=" " ind1=" ">
      <subfield code="a">Integració d'aplicacions empresarials (Sistemes informàtics)</subfield>
   </datafield>
   <datafield ind2="0" ind1="0" tag="245">
      <subfield code="a">Implementation and adaptation of a bank’s information system to comply with bail-in requirements</subfield>
   </datafield>
</record></metadata></record></GetRecord></OAI-PMH>